Формирование и транспортировка сильноточных импульсных плазменных и ионных пучков в поперечном магнитном поле и замагниченной плазме: автореферат диссертации на соискание ученой степени кандидата физико-математических наук

Detalles Bibliográficos
Autor Principal: Андерсон М. Г. Майкл Гордон
Outros autores: Быстрицкий В. М. Виталий Михайлович (научный руководитель)
Summary:Заглавие с титульного экрана
Электронная версия печатной публикации
Idioma:ruso
Publicado: Томск, [Б. и.], 2006
Subjects:
Acceso en liña:http://www.lib.tpu.ru/fulltext/a/2007/3.pdf
Formato: Electrónico Libro
KOHA link:https://koha.lib.tpu.ru/cgi-bin/koha/opac-detail.pl?biblionumber=113095

MARC

LEADER 00000nlm0a2200000 4500
001 113095
005 20231031121719.0
035 |a (RuTPU)RU\TPU\book\122329 
090 |a 113095 
100 |a 20070405d2006 k y0rusy50 ca 
101 0 |a rus 
102 |a RU 
105 |a a dm 001zy 
135 |a drbn ---uucaa 
181 0 |a i  
182 0 |a b 
200 1 |a Формирование и транспортировка сильноточных импульсных плазменных и ионных пучков в поперечном магнитном поле и замагниченной плазме  |b Электронный ресурс  |e автореферат диссертации на соискание ученой степени кандидата физико-математических наук  |f М. Г. Андерсон  |g науч. рук. В. М. Быстрицкий 
203 |a Текст  |c электронный 
210 |a Томск  |c [Б. и.]  |d 2006 
215 |a 1 файл (527 Kb) 
230 |a Электронные текстовые данные (1 файл : 527 Kb) 
300 |a Заглавие с титульного экрана 
300 |a Электронная версия печатной публикации 
337 |a Adobe Reader 
452 1 |0 (RuTPU)RU\TPU\book\119220  |t Формирование и транспортировка сильноточных импульсных плазменных и ионных пучков в поперечном магнитном поле и замагниченной плазме  |o автореферат диссертации на соискание ученой степени кандидата физико-математических наук  |o спец. 01.04.20  |f М. Г. Андерсон  |g науч. рук. В. М. Быстрицкий  |c Томск  |n Б.и.  |d 2006  |p 20 с.  |a Андерсон, Майкл Гордон 
610 1 |a сильноточные пучки 
610 1 |a плазменные пучки 
610 1 |a ионные пучки 
610 1 |a экспериментальные данные 
610 1 |a теоретические данные 
610 1 |a формирование 
610 1 |a транспортировка 
610 1 |a экспериментальные установки 
610 1 |a диагностика 
610 1 |a поперечное магнитное поле 
610 1 |a замагниченная плазма 
610 1 |a инжекция 
610 1 |a авторефераты диссертаций 
610 1 |a труды учёных ТПУ 
610 1 |a электронный ресурс 
675 |a 539.124.18(04)  |v 3 
686 |a 01.04.20  |2 oksvnk 
700 1 |a Андерсон  |b М. Г.  |g Майкл Гордон 
702 1 |a Быстрицкий  |b В. М.  |g Виталий Михайлович  |4 727 
801 1 |a RU  |b 63413507  |c 20070405  |g PSBO 
801 2 |a RU  |b 63413507  |c 20070405  |g PSBO 
856 4 |u http://www.lib.tpu.ru/fulltext/a/2007/3.pdf 
942 |c CF